| 000 | 00606nam a2200205 a 4500 | ||
|---|---|---|---|
| 005 | 20230511063542.0 | ||
| 008 | 010611s1990 mx r 000 0 spa d | ||
| 020 | _a9686406778 | ||
| 035 | _aUPN01000108100 | ||
| 049 | _aCG | ||
| 050 | 4 |
_aF1233.5 _bB8.8 |
|
| 100 | 1 |
_aBulnes, Francisco, _d1847-1924 |
|
| 245 | 1 | 3 |
_aEl verdadero Díaz y la Revolución / _cFrancisco Bulnes. |
| 260 |
_aMéxico : _bValle de México, _c[199-?]. |
||
| 300 | _a434 p. | ||
| 600 | 1 | 4 |
_aDíaz, Porfirio, _d1830-1915 _911887 |
| 651 | 4 |
_aMéxico _xHistoria _yRevolución, 1910-1917 _9223 |
|
| 905 | _aLibro | ||
| 999 |
_c82012 _d82012 |
||